Les villes les plus peuplées de Creuse - Statistiques

Statistiques générales
  • Ce quiz a été pris 171 fois
  • Le résultat moyen est 9 sur 20
Statistiques - réponses
Population Ville % Correct
14 114 Guéret
100%
5 327 La Souterraine
95%
4 660 Aubusson
94%
3 163 Bourganeuf
66%
1 892 Felletin
53%
1 106 Dun-le-Palestel
50%
1 380 Gouzon
48%
1 827 Saint-Vaury
48%
1 604 Boussac
47%
2 251 Sainte-Feyre
46%
1 501 Ahun
44%
1 544 Évaux-les-Bains
40%
1 843 Saint-Sulpice-le-Guérétois
35%
1 371 Auzances
31%
1 034 Ajain
29%
1 244 Le Grand-Bourg
26%
1 348 Bonnat
24%
1 047 Saint-Maurice-la-Souterraine
19%
1 099 Bussière-Dunoise
8%
1 101 Saint-Agnant-de-Versillat
6%
Aucun quiz correspondant
Distribution des résultats
% des personnes avec chaque résultat
Percentile par nombre de réponses
Votre historique - résultats
Vous n’avez pas pris ce quiz